000 00742nam a2200229 a 4500
001 BRL_366
005 20190320210716.0
008 050813s1946----mx-a######---#000-0#spa-#
041 _aspa
044 _amx
050 4 _aF1219
_b.M49 1946
245 1 0 _aMéxico prehispánico
_balturas, deidades y monumentos
_cprólogo del Dr. Alfonso Caso ; selección del Dr. Jorge A. Vivó.
260 _aMéxico
_bEmma Hurtado
_c1946
300 _axv, 911 p.
_bil.
_c24 cm.
500 _aAu373
650 1 4 _aIndígenas de México
_xVida social y costumbres
_910614
650 1 4 _aIndígenas de México
_xReligión y Mitología
_923675
651 4 _aMéxico
_xAntigüedades
_92765
700 1 _aVivó, Jorge Abilio
_923676
902 _aGRL
942 _2lcc
_cB
999 _c9179
_d9179